[Event "MDA-ch"]
[Site "Kishinev"]
[Date "2022.02.27"]
[Round "9"]
[White "Panfilii, Laurentiu"]
[Black "Priseajniuc, Andrei"]
[Result "1/2-1/2"]
[WhiteElo "1896"]
[BlackElo "1993"]
[PlyCount "65"]
[EventDate "2022.02.19"]
[EventType "swiss"]
[EventRounds "9"]
[EventCountry "MDA"]
[SourceTitle "EXT 2023"]
[Source "ChessBase"]
[SourceDate "2022.10.05"]
[SourceVersion "1"]
[SourceVersionDate "2022.10.05"]
[SourceQuality "1"]

1. e4 e5 2. Nf3 Nc6 3. Bb5 a6 4. Ba4 Nf6 5. 0-0 Be7 6. Re1 b5 7. Bb3 0-0 8. h3 Bb7 9. d3 d5 10. exd5 Nxd5 11. Nxe5 Nxe5 12. Rxe5 Qd6 13. Bxd5 Bxd5 14. Re3 Bf6 15. Nc3 Bd4 16. Nxd5 Qxd5 17. Rg3 Qe5 18. Rg4 f5 19. Rh4 Rae8 20. Bf4 Qe2 21. Be3 Qxd1+ 22. Rxd1 Bxe3 23. fxe3 Rxe3 24. Kf2 Rfe8 25. Rd2 g6 26. Rd4 Kf7 27. a4 Kf6 28. axb5 axb5 29. Rd5 R3e5 30. Rxe5 Rxe5 31. d4 Re4 32. c3 Ke6 33. Kf3 1/2-1/2

[Event "MDA-ch"]
[Site "Kishinev"]
[Date "2022.02.22"]
[Round "4"]
[White "Rascu, Dmitrii"]
[Black "Priseajniuc, Andrei"]
[Result "0-1"]
[WhiteElo "1794"]
[BlackElo "1993"]
[PlyCount "46"]
[EventDate "2022.02.19"]
[EventType "swiss"]
[EventRounds "9"]
[EventCountry "MDA"]
[SourceTitle "CBM 207 Extra"]
[Source "ChessBase"]
[SourceDate "2022.05.31"]
[SourceVersion "1"]
[SourceVersionDate "2022.05.31"]
[SourceQuality "1"]

1. d4 d5 2. c4 c6 3. Nf3 Nf6 4. Qc2 e6 5. g3 dxc4 6. Qxc4 b5 7. Qc2 Bb7 8. Bg2 Nbd7 9. 0-0 c5 10. Rd1 Rc8 11. Qb3 a6 12. Bg5 c4 13. Qc2 Qb6 14. Nc3 b4 15. Nb1 Be4 16. Qa4 c3 17. bxc3 bxc3 18. Nxc3 Rxc3 19. Ne5 Bc2 20. Nxd7 Nxd7 21. Qxc2 Rxc2 22. Rab1 Rb2 23. Rbc1 f6 0-1

[Event "Chernivtsi op"]
[Site "Chernivtsi"]
[Date "2021.07.24"]
[Round "8"]
[White "Priseajniuc, Andrei"]
[Black "Bykovskiy, Oleg"]
[Result "1/2-1/2"]
[WhiteElo "1826"]
[BlackElo "2246"]
[PlyCount "164"]
[EventDate "2021.07.20"]
[EventType "swiss"]
[EventRounds "9"]
[EventCountry "UKR"]
[SourceTitle "CBM 203 Extra"]
[Source "ChessBase"]
[SourceDate "2021.09.30"]
[SourceVersion "1"]
[SourceVersionDate "2021.09.30"]
[SourceQuality "1"]

1. e4 e6 2. d4 b6 3. Nf3 Bb7 4. Bd3 Nf6 5. e5 Ne4 6. Qe2 d5 7. Nbd2 Nxd2 8. Bxd2 c5 9. c3 Be7 10. h4 Nc6 11. a3 c4 12. Bc2 Qd7 13. Ng5 h6 14. Qh5 Rf8 15. Nxf7 Rxf7 16. Bg6 Nd8 17. Rh3 Bf8 18. Rf3 Rc8 19. g4 Rc7 20. g5 Qb5 21. Rb1 Rce7 22. Kf1 Qb3 23. Kg2 Qa2 24. Rg1 Qxb2 25. Bc1 Qe2 26. Rxf7 Qxh5 27. Rxe7+ Kxe7 28. Bxh5 hxg5 29. Bxg5+ Kd7 30. Bc1 Nc6 31. Bg6 b5 32. Kf3 a5 33. Rg4 b4 34. Rf4 bxc3 35. Ke3 Be7 36. Rf7 Kc8 37. Rxg7 Bxh4 38. Be8 Ne7 39. Rg4 Nf5+ 40. Ke2 Bd8 41. Kd1 Bh4 42. Ke2 Bd8 43. Bg6 Ne7 44. Kd1 Bc6 45. Kc2 Ba4+ 46. Kxc3 Bb3 47. Bf7 Kd7 48. Bg5 a4 49. Kb2 Ba5 50. Bxe7 Kxe7 51. Bg6 c3+ 52. Kb1 Bb6 53. Bc2 Kd7 54. Bd3 Bd8 55. Rg7+ Kc6 56. Rg6 Kd7 57. Rg7+ Kc6 58. Rg6 Kd7 59. f4 Bb6 60. f5 Bxd4 61. Rxe6 Bc5 62. Ra6 Bd4 63. e6+ Ke7 64. Ra8 Bc5 65. Bc2 d4 66. Rb8 d3 67. Bxd3 Bxa3 68. Bc2 Bd6 69. Rb7+ Kf6 70. Rb6 Be7 71. Bxb3 axb3 72. Rxb3 Kxf5 73. Rb6 Ke5 74. Kc2 Bd6 75. Kxc3 Kxe6 76. Kd4 Kd7 77. Kd5 Bh2 78. Rb7+ Kc8 79. Kc6 Kd8 80. Rh7 Bg3 81. Rh3 Bf4 82. Rh1 Bg3 1/2-1/2

[Event "Chernivtsi op"]
[Site "Chernivtsi"]
[Date "2021.07.21"]
[Round "2"]
[White "Terletsky, Oleg"]
[Black "Priseajniuc, Andrei"]
[Result "1-0"]
[WhiteElo "2195"]
[BlackElo "1826"]
[PlyCount "121"]
[EventDate "2021.07.20"]
[EventType "swiss"]
[EventRounds "9"]
[EventCountry "UKR"]
[SourceTitle "CBM 203 Extra"]
[Source "ChessBase"]
[SourceDate "2021.09.30"]
[SourceVersion "1"]
[SourceVersionDate "2021.09.30"]
[SourceQuality "1"]

1. e4 e5 2. Nf3 Nc6 3. Nc3 Nf6 4. d4 exd4 5. Nxd4 Bb4 6. Nxc6 bxc6 7. Bd3 d5 8. exd5 cxd5 9. 0-0 0-0 10. Bg5 c6 11. Qf3 h6 12. Bxf6 Qxf6 13. Qxf6 gxf6 14. Ne2 Rb8 15. Ng3 Bd6 16. b3 Re8 17. Nf5 Bxf5 18. Bxf5 Rbd8 19. Rad1 Re5 20. Bd3 Bb4 21. Ba6 c5 22. Rd3 d4 23. Rg3+ Kf8 24. Rh3 Kg7 25. Bb5 Rb8 26. a4 Rb7 27. f4 Re1 28. Rxe1 Bxe1 29. Rh5 Bb4 30. Rd5 Re7 31. g3 Rc7 32. Kg2 a5 33. Kf3 Re7 34. Kg4 Rc7 35. Kf5 Bc3 36. Bc4 h5 37. Rd6 Bb2 38. Be2 Ba1 39. Ra6 Bc3 40. Bc4 Bd2 41. Rxf6 h4 42. Ra6 hxg3 43. hxg3 Be1 44. g4 Bd2 45. g5 Re7 46. Rc6 Be3 47. Bd3 Bd2 48. Kg4 Re1 49. Rc7 Kf8 50. Bc4 Re7 51. Rc8+ Re8 52. Rxc5 Re7 53. Rc6 Kg7 54. Bd3 Re1 55. Bc4 Re7 56. f5 Re4+ 57. Kh5 Bf4 58. Rc8 Re3 59. f6+ Kh7 60. Bxf7 Bxg5 61. Bg6# 1-0

[Event "Moscow Botvinnik Memorial"]
[Site "Moscow"]
[Date "2019.10.21"]
[Round "7"]
[White "Priseajniuc, Andrei"]
[Black "Rakhmatullaev, Almas"]
[Result "0-1"]
[WhiteElo "1814"]
[BlackElo "2105"]
[PlyCount "80"]
[EventDate "2019.10.16"]
[EventType "tourn"]
[EventRounds "9"]
[EventCountry "RUS"]
[SourceTitle "CBM 192 Extra"]
[Source "Chessbase"]
[SourceDate "2019.11.06"]
[SourceVersion "1"]
[SourceVersionDate "2019.11.06"]
[SourceQuality "1"]

1. e4 c5 2. Nf3 d6 3. d4 cxd4 4. Nxd4 Nf6 5. Nc3 a6 6. f3 e5 7. Nb3 Be6 8. Be3 Nbd7 9. Qd2 Rc8 10. 0-0-0 b5 11. g4 Nb6 12. Qf2 Nfd7 13. Rg1 Be7 14. g5 Qc7 15. f4 exf4 16. Bxf4 0-0 17. Rg3 Ne5 18. Nd5 Bxd5 19. exd5 f6 20. Bxe5 fxe5 21. Qd2 Rf4 22. Bh3 Rcf8 23. Be6+ Kh8 24. Qd3 e4 25. Qe2 Nc4 26. Kb1 e3 27. Rdg1 Rf2 28. Qd3 Rxh2 29. a3 Ne5 30. Qd1 e2 31. Qc1 Rf1 32. Nd4 Rxc1+ 33. Kxc1 Qc5 34. Rc3 Nc4 35. Rd3 Bxg5+ 36. Kb1 Bf6 37. c3 e1Q+ 38. Rxe1 Rxb2+ 39. Kc1 Qxa3 40. Nc2 Rb1+ 0-1

[Event "Moscow Botvinnik Memorial"]
[Site "Moscow"]
[Date "2019.10.18"]
[Round "4"]
[White "Priseajniuc, Andrei"]
[Black "Tsaruk, Maksim"]
[Result "0-1"]
[WhiteElo "1814"]
[BlackElo "2230"]
[PlyCount "106"]
[EventDate "2019.10.16"]
[EventType "tourn"]
[EventRounds "9"]
[EventCountry "RUS"]
[SourceTitle "CBM 192 Extra"]
[Source "Chessbase"]
[SourceDate "2019.11.06"]
[SourceVersion "1"]
[SourceVersionDate "2019.11.06"]
[SourceQuality "1"]

1. e4 e5 2. Nf3 Nc6 3. Bc4 Nf6 4. d4 exd4 5. 0-0 Nxe4 6. Re1 d5 7. Bxd5 Qxd5 8. Nc3 Qa5 9. Nxe4 Be6 10. Neg5 0-0-0 11. Nxe6 fxe6 12. Rxe6 h6 13. Nh4 Bd6 14. Bd2 Qb5 15. Qg4 Kb8 16. b3 Bb4 17. Nf3 Qc5 18. Qe4 Bxd2 19. Nxd2 Qc3 20. Rd1 d3 21. cxd3 Qxd3 22. Qe2 Rd7 23. Re8+ Rxe8 24. Qxe8+ Rd8 25. Qh5 Qc2 26. Qf3 a5 27. Qe2 Nb4 28. h3 Nxa2 29. Kh2 Qd3 30. Qe5 Qd6 31. f4 Qxe5 32. fxe5 Nc3 33. Rc1 Rxd2 34. Rxc3 Re2 35. Rc5 b6 36. Rd5 Kc8 37. Kg3 c6 38. Rd6 Rxe5 39. Rxc6+ Kb7 40. Rc3 Rc5 41. Re3 b5 42. Kf4 Kb6 43. Ke4 Rg5 44. g4 Kc5 45. Kd3 Kb4 46. Kc2 Ka3 47. Rd3 Rc5+ 48. Kb1 b4 49. Re3 Rc3 50. Rxc3 bxc3 51. Kc2 Kb4 52. h4 g6 53. g5 h5 0-1

[Event "Moscow Botvinnik Memorial"]
[Site "Moscow"]
[Date "2019.10.16"]
[Round "1"]
[White "Davtyan, Arsen"]
[Black "Priseajniuc, Andrei"]
[Result "1-0"]
[WhiteElo "1942"]
[BlackElo "1814"]
[PlyCount "87"]
[EventDate "2019.10.16"]
[EventType "tourn"]
[EventRounds "9"]
[EventCountry "RUS"]
[SourceTitle "CBM 192 Extra"]
[Source "Chessbase"]
[SourceDate "2019.11.06"]
[SourceVersion "1"]
[SourceVersionDate "2019.11.06"]
[SourceQuality "1"]

1. d4 d5 2. c4 e6 3. Nc3 Nf6 4. Nf3 Nbd7 5. Bf4 c6 6. e3 Bb4 7. Qb3 Qa5 8. Rc1 Ne4 9. Bd3 dxc4 10. Qxc4 Nb6 11. Qb3 Nxc3 12. bxc3 Ba3 13. Rc2 Nd5 14. Be5 0-0 15. 0-0 b6 16. e4 Ne7 17. Nd2 b5 18. Nb1 b4 19. cxb4 Bxb4 20. a3 f6 21. axb4 Qd8 22. Bf4 Qxd4 23. Be3 Qd7 24. Bc5 Rd8 25. Bc4 Ng6 26. Rd2 Qc7 27. Rxd8+ Qxd8 28. Rd1 Qc7 29. Nc3 Kh8 30. Bxe6 Bxe6 31. Qxe6 Nf4 32. Qd6 Qxd6 33. Rxd6 h6 34. g3 Ng6 35. Rxc6 Ne5 36. Rc7 a5 37. bxa5 Rxa5 38. Bf8 g5 39. Bg7+ Kg8 40. Nd5 Ng4 41. h3 Ra1+ 42. Kg2 Kh7 43. Bxf6+ Kg6 44. Rg7+ 1-0

[Event "EU-ch U14"]
[Site "Bratislava"]
[Date "2019.08.04"]
[Round "3"]
[White "Zemach, Nadav"]
[Black "Priseajniuc, Andrei"]
[Result "1-0"]
[WhiteElo "1997"]
[BlackElo "1751"]
[PlyCount "87"]
[EventDate "2019.08.02"]
[EventType "swiss"]
[EventRounds "9"]
[EventCountry "SVK"]
[SourceTitle "EXT 2020"]
[Source "ChessBase"]
[SourceDate "2019.10.17"]
[SourceVersion "1"]
[SourceVersionDate "2019.10.17"]
[SourceQuality "1"]

1. d4 d5 2. c4 e6 3. Nf3 Be7 4. g3 Nf6 5. Bg2 0-0 6. 0-0 Nbd7 7. Qc2 c5 8. e3 b6 9. b3 Ba6 10. Nbd2 Rc8 11. Bb2 cxd4 12. exd4 dxc4 13. bxc4 Bxc4 14. Nxc4 b5 15. Rfc1 Rxc4 16. Qe2 Rxc1+ 17. Rxc1 Qb6 18. Ne5 Nxe5 19. dxe5 Nd5 20. Bxd5 exd5 21. Qd3 Rd8 22. Bd4 Qa5 23. Qc2 Qa4 24. Qxa4 bxa4 25. Rc7 Bb4 26. Rxa7 a3 27. Rb7 Bf8 28. Kf1 g5 29. Ke2 Re8 30. Kd3 Bg7 31. f4 gxf4 32. gxf4 Bh6 33. Be3 Ra8 34. Rb4 Bf8 35. Rb5 Rd8 36. f5 Be7 37. f6 Bf8 38. Bd4 h6 39. Bc5 Bxc5 40. Rxc5 Rb8 41. Ra5 Rb2 42. Ra8+ Kh7 43. e6 Rb7 44. e7 1-0

[Event "EU-ch U14"]
[Site "Bratislava"]
[Date "2019.08.03"]
[Round "2"]
[White "Priseajniuc, Andrei"]
[Black "Creanga, Robert Ionut"]
[Result "1/2-1/2"]
[WhiteElo "1751"]
[BlackElo "2048"]
[PlyCount "138"]
[EventDate "2019.08.02"]
[EventType "swiss"]
[EventRounds "9"]
[EventCountry "SVK"]
[SourceTitle "EXT 2020"]
[Source "ChessBase"]
[SourceDate "2019.10.17"]
[SourceVersion "1"]
[SourceVersionDate "2019.10.17"]
[SourceQuality "1"]

1. e4 d6 2. d4 Nf6 3. Nc3 g6 4. Nf3 Bg7 5. Be2 0-0 6. 0-0 c6 7. h3 Qc7 8. Be3 Nbd7 9. Qd2 b5 10. a3 a6 11. Bh6 Bb7 12. Bxg7 Kxg7 13. Rfe1 Rfe8 14. e5 Ng8 15. e6 fxe6 16. Ng5 Nf8 17. Qf4 Nh6 18. Qxf8+ Rxf8 19. Nxe6+ Kf7 20. Nxc7 Rac8 21. Ne6 Kxe6 22. Bg4+ Kf7 23. Be6+ Kf6 24. Bxc8 Bxc8 25. Ne4+ Kg7 26. Re2 Nf7 27. a4 b4 28. Nd2 Kf6 29. Rae1 Re8 30. Nc4 h5 31. f3 h4 32. Kf2 Bd7 33. Ne3 Ng5 34. Ng4+ Kf7 35. Nh6+ Kf8 36. f4 Nh7 37. Ng4 Kf7 38. Re3 a5 39. R3e2 Bc8 40. b3 Ba6 41. Rd2 Rc8 42. Kg1 c5 43. dxc5 Rxc5 44. Ne3 Nf6 45. Rd4 Bb7 46. Rc4 Rh5 47. Rc7 Be4 48. Ng4 Nd5 49. Rc4 Bf5 50. Ne3 Be6 51. Nxd5 Bxd5 52. Rc7 Be6 53. Rb7 Rh8 54. Rb5 Ra8 55. Kh2 Ra7 56. Re2 Bf5 57. g4 hxg3+ 58. Kxg3 e6 59. Rb6 Ke7 60. Rc6 Kd7 61. Rc4 Ra8 62. h4 Rh8 63. Rd2 Rb8 64. Rh2 Ra8 65. h5 d5 66. Rc5 Kd6 67. Rb5 gxh5 68. Rf2 Ke7 69. Rc5 Kd6 1/2-1/2

[Event "EU-ch U14"]
[Site "Bratislava"]
[Date "2019.08.02"]
[Round "1"]
[White "Jun, Rudolf Jr"]
[Black "Priseajniuc, Andrei"]
[Result "1/2-1/2"]
[WhiteElo "2114"]
[BlackElo "1751"]
[PlyCount "147"]
[EventDate "2019.08.02"]
[EventType "swiss"]
[EventRounds "9"]
[EventCountry "SVK"]
[SourceTitle "EXT 2020"]
[Source "ChessBase"]
[SourceDate "2019.10.17"]
[SourceVersion "1"]
[SourceVersionDate "2019.10.17"]
[SourceQuality "1"]

1. e4 e6 2. d4 d5 3. Nd2 Nf6 4. Bd3 c5 5. dxc5 Bxc5 6. exd5 exd5 7. Ngf3 0-0 8. 0-0 Nc6 9. c3 a5 10. h3 Re8 11. Qc2 Bd7 12. Nb3 Bb6 13. Bg5 h6 14. Bh4 Rc8 15. Qd2 a4 16. Nbd4 Nxd4 17. cxd4 Ba5 18. Qf4 Bc7 19. Ne5 Bxe5 20. dxe5 Nh5 21. Qd4 g5 22. Bg3 Nxg3 23. fxg3 Qe7 24. Kh2 Qxe5 25. Qb4 Qc7 26. Qd4 Qe5 27. Qb4 Qc7 28. Rf3 Bc6 29. Raf1 d4 30. Rxf7 Qxf7 31. Rxf7 Kxf7 32. Qxd4 Rcd8 33. Bc4+ Kg6 34. Qf2 Rf8 35. Qc2+ Kg7 36. Qc3+ Rf6 37. h4 gxh4 38. gxh4 Rdd6 39. Qe3 Kf8 40. Bd3 Rfe6 41. Qg3 Ke7 42. b4 axb3 43. axb3 Kd8 44. Bf5 Rf6 45. Qe5 Kc7 46. b4 b5 47. g4 Bd7 48. Qe7 Rd2+ 49. Kg3 Rfd6 50. g5 hxg5 51. hxg5 Kb6 52. Be4 Bc6 53. Bf5 Rg2+ 54. Kh3 Rd1 55. Qc5+ Kb7 56. Qe7+ Ka6 57. Be4 Bxe4 58. Qxe4 Rgd2 59. Qc6+ Ka7 60. Qxb5 Rd5 61. Qe2 R5d4 62. Qe7+ Ka6 63. Qe2+ R1d3+ 64. Kg2 Kb5 65. Kf1 Kxb4 66. Ke1 Kc3 67. g6 Rd2 68. Qf3+ Kc2 69. Qc6+ Kb2 70. Qb5+ Kc2 71. Qc5+ Kb2 72. Qa5 Kc2 73. Qa2+ Kc1 74. Qa3+ 1/2-1/2